[Event "HUN-chT 1920"]
[Site "Hungary"]
[Date "2019.11.17"]
[Round "2.5"]
[White "Feher, Adam"]
[Black "Korpa, Bence"]
[Result "1/2-1/2"]
[WhiteElo "2367"]
[BlackElo "2546"]
[PlyCount "83"]
[EventDate "2019.11.16"]
[EventType "team-tourn"]
[EventRounds "9"]
[EventCountry "HUN"]
[SourceTitle "CBM 193 Extra"]
[Source "ChessBase"]
[SourceDate "2020.01.31"]
[SourceVersion "1"]
[SourceVersionDate "2020.01.31"]
[SourceQuality "1"]
[WhiteTeam "Budapest MTK"]
[BlackTeam "DVTK"]
[WhiteTeamCountry "HUN"]
[BlackTeamCountry "HUN"]

1. e4 c6 2. d4 d5 3. Nc3 dxe4 4. Nxe4 Nf6 5. Nxf6+ exf6 6. c3 Bf5 7. Nf3 Nd7 8. Bf4 Nb6 9. Bd3 Bxd3 10. Qxd3 Nd5 11. Bd2 Bd6 12. 0-0 0-0 13. c4 Ne7 14. Rfe1 Qd7 15. Re2 Ng6 16. Rae1 b5 17. b3 bxc4 18. bxc4 Rab8 19. Qc2 Rb7 20. Qa4 h6 21. g3 f5 22. Kg2 h5 23. Qc2 f4 24. Qe4 fxg3 25. hxg3 Qc8 26. Ng5 Re7 27. Qf3 Qg4 28. Qxg4 hxg4 29. Ne4 Rfe8 30. Re3 Rd8 31. Nxd6 Rxe3 32. Rxe3 Rxd6 33. Re8+ Kh7 34. Be3 Rd7 35. Re4 Rb7 36. Rxg4 f5 37. Rg5 Ne7 38. Rh5+ Kg6 39. Rh8 Rb4 40. d5 cxd5 41. cxd5 Nxd5 42. Bxa7 1/2-1/2

[Event "Catalunya-chT GpA final"]
[Site "Barcelona"]
[Date "2019.03.30"]
[Round "3.4"]
[White "Feher, Adam"]
[Black "Panelo Munoz, Marcelo A"]
[Result "1/2-1/2"]
[WhiteElo "2387"]
[BlackElo "2327"]
[PlyCount "113"]
[EventDate "2019.03.16"]
[EventType "team-tourn"]
[EventRounds "3"]
[EventCountry "ESP"]
[SourceTitle "CBM 189 Extra"]
[Source "ChessBase"]
[SourceDate "2019.06.03"]
[SourceVersion "1"]
[SourceVersionDate "2019.06.03"]
[SourceQuality "1"]
[WhiteTeam "Barcelona Escola Escacs"]
[BlackTeam "Sant Josep de Badalona"]
[WhiteTeamCountry "ESP"]
[BlackTeamCountry "ESP"]

1. e4 c5 2. Nf3 d6 3. d4 cxd4 4. Nxd4 Nf6 5. Nc3 a6 6. g3 e5 7. Nb3 Be7 8. Bg2 0-0 9. a4 Bg4 10. Qd3 Nc6 11. Nd5 Rc8 12. Bd2 Nxd5 13. exd5 Nd4 14. Nxd4 exd4 15. 0-0 Bf6 16. h3 Bd7 17. Rfc1 Re8 18. Qb3 b5 19. axb5 Bxb5 20. c4 dxc3 21. Bxc3 Bxc3 22. Rxc3 Qf6 23. Rxc8 Rxc8 24. Bf1 g6 25. Bxb5 axb5 26. Qxb5 Rc2 27. Qe8+ Kg7 28. Qe3 Rxb2 29. Rd1 Rc2 30. Kg2 Rc3 31. Qe4 Qe5 32. Qxe5+ dxe5 33. h4 Kf6 34. Ra1 e4 35. Ra7 Rd3 36. Rd7 Rd1 37. g4 h6 38. Kg3 g5 39. Rd6+ Ke5 40. Rxh6 Rg1+ 41. Kh3 gxh4 42. Rh5+ Kd6 43. Kxh4 Rh1+ 44. Kg3 Rg1+ 45. Kf4 Rg2 46. Rf5 Rxf2+ 47. Kxe4 Rg2 48. Kf4 Ke7 49. Kg5 Rg1 50. Rf4 Rd1 51. Re4+ Kf8 52. Re5 Kg7 53. Rf5 Rd4 54. Kh4 Rd3 55. Kg5 Rd4 56. Kh4 Rd3 57. Kg5 1/2-1/2

[Event "Catalunya-chT Gp1"]
[Site "Barcelona"]
[Date "2018.01.20"]
[Round "1.6"]
[White "Feher, Adam"]
[Black "Pages Rafart, Jordi"]
[Result "1-0"]
[WhiteElo "2387"]
[BlackElo "2135"]
[PlyCount "49"]
[EventDate "2018.01.20"]
[EventType "team-tourn"]
[EventRounds "7"]
[EventCountry "ESP"]
[SourceTitle "CBM 182 Extra"]
[Source "ChessBase"]
[SourceDate "2018.02.23"]
[SourceVersion "1"]
[SourceVersionDate "2018.02.23"]
[SourceQuality "1"]
[WhiteTeam "Barcelona Escola Escacs"]
[BlackTeam "Olot"]
[WhiteTeamCountry "ESP"]
[BlackTeamCountry "ESP"]

1. e4 c5 2. Nf3 e6 3. d4 cxd4 4. Nxd4 Nc6 5. Nc3 Qc7 6. Be2 a6 7. 0-0 b5 8. Nxc6 dxc6 9. f4 b4 10. Nb1 Nf6 11. Nd2 Bb7 12. e5 Nd5 13. Ne4 Rd8 14. Qe1 Be7 15. a3 0-0 16. axb4 Nxb4 17. Qc3 c5 18. Nd2 f6 19. Nc4 fxe5 20. Nxe5 Bd6 21. Bd2 Nd5 22. Qh3 Rf6 23. Ba5 Nb6 24. Nc4 Rh6 25. Bxb6 1-0

[Event "Amsterdam Science Park op-A"]
[Site "Amsterdam"]
[Date "2017.07.15"]
[Round "8"]
[White "Feher, Adam"]
[Black "Ten Hertog, Hugo"]
[Result "1/2-1/2"]
[WhiteElo "2377"]
[BlackElo "2460"]
[PlyCount "89"]
[EventDate "2017.07.08"]
[EventType "swiss"]
[EventRounds "9"]
[EventCountry "NED"]
[SourceTitle "CBM 179 Extra"]
[Source "ChessBase"]
[SourceDate "2017.08.23"]
[SourceVersion "1"]
[SourceVersionDate "2017.08.23"]
[SourceQuality "1"]

1. e4 g6 2. d4 Bg7 3. Nf3 d6 4. Bc4 Nf6 5. Qe2 0-0 6. e5 Ne8 7. h3 c5 8. dxc5 dxe5 9. 0-0 Nc6 10. c3 Qc7 11. Re1 h6 12. Na3 Kh7 13. Bb5 Be6 14. Bxc6 Qxc6 15. Nxe5 Qxc5 16. Nd3 Qc6 17. Nf4 Bf5 18. Nc4 Nc7 19. Ne5 Qd6 20. Nc4 Qa6 21. Ne3 Qxe2 22. Rxe2 Bd7 23. Ned5 Nxd5 24. Nxd5 e6 25. Nb4 Bb5 26. Re1 Rfd8 27. a4 a5 28. axb5 axb4 29. Rxa8 Rxa8 30. cxb4 Ra4 31. Bd2 Bxb2 32. Re4 Ra1+ 33. Kh2 Rd1 34. Be3 Rd5 35. b6 Be5+ 36. g3 h5 37. Kg2 Kg8 38. Rc4 Rd7 39. Rc8+ Kg7 40. f4 Bd6 41. Bd4+ f6 42. Bc5 h4 43. Kf3 hxg3 44. Kxg3 g5 45. Bxd6 1/2-1/2

[Event "HUN-chT 1516"]
[Site "Hungary"]
[Date "2016.02.28"]
[Round "5.9"]
[White "Feher, Adam"]
[Black "Dory, Jeno"]
[Result "1/2-1/2"]
[WhiteElo "2356"]
[BlackElo "2287"]
[PlyCount "47"]
[EventDate "2015.11.07"]
[EventType "team-tourn"]
[EventRounds "11"]
[EventCountry "HUN"]
[SourceTitle "CBM 171 Extra"]
[Source "ChessBase"]
[SourceDate "2016.04.26"]
[SourceVersion "1"]
[SourceVersionDate "2016.04.26"]
[SourceQuality "1"]
[WhiteTeam "Budapest Titanok"]
[BlackTeam "Dunaharaszti"]
[WhiteTeamCountry "HUN"]
[BlackTeamCountry "HUN"]

1. e4 c5 2. Nf3 Nc6 3. d4 cxd4 4. Nxd4 g6 5. Nc3 Bg7 6. Be3 Nf6 7. Bc4 0-0 8. Bb3 a5 9. 0-0 a4 10. Nxa4 Nxe4 11. Nb5 Rxa4 12. Bxa4 Bxb2 13. Rb1 Bg7 14. c4 d6 15. Bc2 Nf6 16. Qe2 Ng4 17. Bd2 Be6 18. Rbd1 Nge5 19. Bb3 Na5 20. Rc1 Nac6 21. Bc3 Nd7 22. Bd2 Nc5 23. Rfd1 Qc8 24. Kh1 1/2-1/2

[Event "HUN-chT 1516"]
[Site "Hungary"]
[Date "2015.11.07"]
[Round "1"]
[White "Dobos, Jozsef"]
[Black "Feher, Adam"]
[Result "1/2-1/2"]
[WhiteElo "2277"]
[BlackElo "2356"]
[PlyCount "32"]
[EventDate "2015.11.07"]
[EventType "team-tourn"]
[EventRounds "11"]
[EventCountry "HUN"]
[SourceTitle "CBM 169 Extra"]
[Source "ChessBase"]
[SourceDate "2015.12.18"]
[SourceVersion "1"]
[SourceVersionDate "2015.12.18"]
[SourceQuality "1"]
[WhiteTeam "Csuti"]
[BlackTeam "Budapest Titanok"]
[WhiteTeamCountry "HUN"]
[BlackTeamCountry "HUN"]

1. Nf3 Nf6 2. c4 e6 3. Nc3 d5 4. e3 c6 5. Qc2 Bd6 6. b3 0-0 7. Bb2 Qe7 8. Be2 dxc4 9. bxc4 e5 10. d3 Re8 11. Rd1 Na6 12. 0-0 Nb4 13. Qb1 Bg4 14. h3 Bh5 15. Rfe1 Rad8 16. Ne4 Nxe4 1/2-1/2

[Event "HUN-chT 1415"]
[Site "Hungary"]
[Date "2015.02.08"]
[Round "6.3"]
[White "Kiss, Attila"]
[Black "Feher, Adam"]
[Result "1/2-1/2"]
[WhiteElo "2378"]
[BlackElo "2356"]
[PlyCount "34"]
[EventDate "2014.10.12"]
[EventType "team-tourn"]
[EventRounds "9"]
[EventCountry "HUN"]
[SourceTitle "EXT 2016"]
[Source "ChessBase"]
[SourceDate "2015.10.08"]
[SourceVersion "1"]
[SourceVersionDate "2015.10.08"]
[SourceQuality "1"]
[WhiteTeam "HVSE Infraplan"]
[BlackTeam "Budapest Titanok"]
[WhiteTeamCountry "HUN"]
[BlackTeamCountry "HUN"]

1. e4 e5 2. Nf3 Nc6 3. d4 exd4 4. Nxd4 Nf6 5. Nc3 Bb4 6. Nxc6 bxc6 7. Bd3 d5 8. exd5 cxd5 9. 0-0 0-0 10. h3 c6 11. Qf3 Be6 12. Bf4 Bd6 13. Rad1 Bxf4 14. Qxf4 Rb8 15. b3 Qa5 16. Na4 c5 17. Bf5 Bxf5 1/2-1/2

[Event "HUN-chT 1415"]
[Site "Hungary"]
[Date "2014.12.14"]
[Round "4.3"]
[White "Seres, Lajos"]
[Black "Feher, Adam"]
[Result "1/2-1/2"]
[WhiteElo "2400"]
[BlackElo "2356"]
[PlyCount "44"]
[EventDate "2014.10.12"]
[EventType "team-tourn"]
[EventRounds "9"]
[EventCountry "HUN"]
[SourceTitle "EXT 2016"]
[Source "ChessBase"]
[SourceDate "2015.10.08"]
[SourceVersion "1"]
[SourceVersionDate "2015.10.08"]
[SourceQuality "1"]
[WhiteTeam "Penzugyor"]
[BlackTeam "Budapest Titanok"]
[WhiteTeamCountry "HUN"]
[BlackTeamCountry "HUN"]

1. d4 d5 2. c4 e6 3. Nf3 Nf6 4. Bg5 h6 5. Bxf6 Qxf6 6. Nbd2 Nd7 7. Rc1 c6 8. e3 g6 9. Be2 Bg7 10. 0-0 0-0 11. b4 a6 12. Qb3 Qe7 13. a4 e5 14. cxd5 cxd5 15. dxe5 Nxe5 16. Nxe5 Qxe5 17. Nf3 Qe7 18. Rfd1 Be6 19. Nd4 Rac8 20. Bf3 Bxd4 21. exd4 Qd6 22. Qb2 Qf4 1/2-1/2

[Event "HUN-chT 1415"]
[Site "Hungary"]
[Date "2014.11.16"]
[Round "2.1"]
[White "Feher, Adam"]
[Black "Kerek, Krisztian"]
[Result "1-0"]
[WhiteElo "2356"]
[BlackElo "2272"]
[PlyCount "101"]
[EventDate "2014.10.12"]
[EventType "team-tourn"]
[EventRounds "9"]
[EventCountry "HUN"]
[SourceTitle "CBM 163 Extra"]
[Source "ChessBase"]
[SourceDate "2014.12.23"]
[SourceVersion "1"]
[SourceVersionDate "2014.12.23"]
[SourceQuality "1"]
[WhiteTeam "Budapest Titanok"]
[BlackTeam "Szigetszentmiklos"]
[WhiteTeamCountry "HUN"]
[BlackTeamCountry "HUN"]

1. e4 c5 2. Nf3 a6 3. c3 d5 4. exd5 Nf6 5. d4 cxd4 6. c4 e6 7. dxe6 Bxe6 8. Nxd4 Bc5 9. Be3 Ng4 10. Nc3 Nxe3 11. fxe3 Qg5 12. Qf3 0-0 13. Ne4 Qe5 14. 0-0-0 Nc6 15. Nxc5 Qxc5 16. Nxe6 fxe6 17. Qe4 Ne5 18. Kb1 b5 19. cxb5 axb5 20. Rc1 Qa7 21. a3 Qb8 22. Rc5 Nc4 23. Bxc4 bxc4 24. Qxe6+ Kh8 25. Qxc4 Rf2 26. Rb5 Qd6 27. Rc1 h6 28. Qe4 Raf8 29. Rbc5 Rf1 30. Rxf1 Rxf1+ 31. Rc1 Rxc1+ 32. Kxc1 Qxh2 33. a4 Qg1+ 34. Kc2 Qf2+ 35. Kb3 Qd2 36. Qa8+ Kh7 37. Qe4+ Kh8 38. g4 Qd1+ 39. Ka2 Qd7 40. Ka3 Qd6+ 41. Qb4 Qd3+ 42. Qc3 Qd6+ 43. b4 Qd1 44. a5 Qxg4 45. a6 Qe6 46. Qd3 Qb6 47. Ka4 h5 48. Qb5 Qe6 49. Qxh5+ Kg8 50. Ka5 Qxe3 51. Qc5 1-0

[Event "Budapest Sarkany IM 5th"]
[Site "Budapest"]
[Date "2014.08.23"]
[Round "8"]
[White "Feher, Adam"]
[Black "Musaev, Rasul"]
[Result "1/2-1/2"]
[WhiteElo "2365"]
[BlackElo "2292"]
[PlyCount "97"]
[EventDate "2014.08.16"]
[EventType "tourn"]
[EventRounds "9"]
[EventCountry "HUN"]
[EventCategory "2"]
[SourceTitle "CBM 161 Extra"]
[Source "ChessBase"]
[SourceDate "2014.08.29"]
[SourceVersion "1"]
[SourceVersionDate "2014.08.29"]
[SourceQuality "1"]

1. e4 e6 2. d4 d5 3. Nd2 dxe4 4. Nxe4 Nf6 5. Nxf6+ gxf6 6. Nf3 Nc6 7. Be3 a6 8. Qd2 b5 9. g3 Bb7 10. Bg2 Ne7 11. 0-0 Bg7 12. a4 Nd5 13. Ne1 0-0 14. Nd3 Re8 15. Bh6 Bc6 16. Bxg7 Kxg7 17. Rfd1 Qd6 18. Nc5 Ne7 19. Bxc6 Qxc6 20. Qe2 Ng6 21. c3 f5 22. f3 e5 23. axb5 axb5 24. Rxa8 Rxa8 25. Qd3 f4 26. Kf2 Rd8 27. Qe4 fxg3+ 28. hxg3 Qb6 29. Qf5 Qc6 30. Qe4 Qb6 31. b4 Qa7 32. Qc2 exd4 33. Rxd4 Rxd4 34. cxd4 Qa1 35. Nb3 Qa7 36. Ke2 Qb6 37. Kf2 Qd6 38. Qd2 Qd5 39. Nc5 Ne7 40. Ne4 Nc6 41. Ke3 Qb3+ 42. Qc3 Qxc3+ 43. Nxc3 Nxb4 44. Nxb5 c6 45. Nd6 Kf6 46. Ke4 Ke6 47. Nf5 Nd5 48. g4 Kf6 49. Nd6 1/2-1/2

[Event "Budapest Sarkany IM 5th"]
[Site "Budapest"]
[Date "2014.08.20"]
[Round "5"]
[White "Jovanovic, Dusan D"]
[Black "Feher, Adam"]
[Result "1/2-1/2"]
[WhiteElo "2412"]
[BlackElo "2365"]
[PlyCount "21"]
[EventDate "2014.08.16"]
[EventType "tourn"]
[EventRounds "9"]
[EventCountry "HUN"]
[EventCategory "2"]
[SourceTitle "CBM 161 Extra"]
[Source "ChessBase"]
[SourceDate "2014.08.29"]
[SourceVersion "1"]
[SourceVersionDate "2014.08.29"]
[SourceQuality "1"]

1. Nf3 Nf6 2. b3 d5 3. Bb2 e6 4. e3 Be7 5. c4 0-0 6. Be2 b6 7. 0-0 Bb7 8. d3 c5 9. Nbd2 Nc6 10. a3 Rc8 11. Re1 1/2-1/2

[Event "Pardubice Czech op-A 25th"]
[Site "Pardubice"]
[Date "2014.07.21"]
[Round "4"]
[White "Feher, Adam"]
[Black "Kratochvil, Josef"]
[Result "1/2-1/2"]
[WhiteElo "2398"]
[BlackElo "2257"]
[PlyCount "65"]
[EventDate "2014.07.18"]
[EventType "swiss"]
[EventRounds "9"]
[EventCountry "CZE"]
[SourceTitle "CBM 161 Extra"]
[Source "ChessBase"]
[SourceDate "2014.08.29"]
[SourceVersion "1"]
[SourceVersionDate "2014.08.29"]
[SourceQuality "1"]

1. e4 c5 2. Nf3 e6 3. d4 cxd4 4. Nxd4 a6 5. Nc3 b5 6. Bd3 Bb7 7. 0-0 Qb6 8. Nf3 Nc6 9. a4 b4 10. a5 Qc7 11. Na4 Nxa5 12. Be3 Nc6 13. Nb6 Rb8 14. Bxa6 Bxa6 15. Rxa6 Nf6 16. Qd3 Be7 17. Qc4 Ng4 18. Nxd7 Qxd7 19. Rxc6 Nxe3 20. fxe3 0-0 21. Rc7 Qe8 22. Rd1 Bf6 23. e5 Bd8 24. Rcd7 Bb6 25. Qd3 h6 26. Kf2 Qc8 27. Qe4 Qc5 28. R1d2 Ra8 29. R7d6 Rfc8 30. Nd4 Bc7 31. Nb3 Qb5 32. R6d4 Qxe5 33. Qxe5 1/2-1/2

[Event "Pardubice Czech op-A 25th"]
[Site "Pardubice"]
[Date "2014.07.20"]
[Round "3"]
[White "Vorobiov, Evgeny E"]
[Black "Feher, Adam"]
[Result "1-0"]
[WhiteElo "2591"]
[BlackElo "2398"]
[PlyCount "93"]
[EventDate "2014.07.18"]
[EventType "swiss"]
[EventRounds "9"]
[EventCountry "CZE"]
[SourceTitle "CBM 161 Extra"]
[Source "ChessBase"]
[SourceDate "2014.08.29"]
[SourceVersion "1"]
[SourceVersionDate "2014.08.29"]
[SourceQuality "1"]

1. e4 c6 2. Nc3 d5 3. Nf3 Bg4 4. h3 Bxf3 5. Qxf3 e6 6. d3 Nf6 7. a3 Bd6 8. g3 Nbd7 9. Bg2 0-0 10. 0-0 Qb6 11. Kh2 Rad8 12. Qe2 dxe4 13. dxe4 e5 14. Nd1 Nc5 15. b4 Ne6 16. c3 a5 17. Nb2 axb4 18. axb4 Ra8 19. Be3 Qc7 20. Nc4 b5 21. Nxd6 Qxd6 22. Rfd1 Qc7 23. Kg1 Nd7 24. h4 Nb6 25. Bh3 Na4 26. Qc2 Qe7 27. Qb3 Rfd8 28. Kg2 Qf6 29. Bg4 Qg6 30. Bf5 Qf6 31. Rac1 Qe7 32. Bxe6 Qxe6 33. Qxe6 fxe6 34. Rxd8+ Rxd8 35. c4 bxc4 36. Rxc4 Rb8 37. Kf3 Kf7 38. g4 Ke7 39. Rxc6 Rxb4 40. Rc7+ Kf8 41. g5 Rb3 42. h5 Nb2 43. Kg4 Nd3 44. g6 hxg6 45. hxg6 Rb1 46. Rc8+ Ke7 47. Bg5+ 1-0

[Event "GRE-chT 42nd"]
[Site "Porto Rio"]
[Date "2014.06.29"]
[Round "3.2"]
[White "Goritsas, Christos"]
[Black "Feher, Adam"]
[Result "0-1"]
[WhiteElo "2257"]
[BlackElo "2398"]
[PlyCount "76"]
[EventDate "2014.06.28"]
[EventType "team-swiss"]
[EventRounds "7"]
[EventCountry "GRE"]
[SourceTitle "CBM 161 Extra"]
[Source "ChessBase"]
[SourceDate "2014.08.29"]
[SourceVersion "1"]
[SourceVersionDate "2014.08.29"]
[SourceQuality "1"]
[WhiteTeam "Chess Spring"]
[BlackTeam "Patron CN"]
[WhiteTeamCountry "GRE"]
[BlackTeamCountry "GRE"]

1. Nf3 Nf6 2. g3 c5 3. Bg2 Nc6 4. 0-0 d5 5. d3 g6 6. Nbd2 Bg7 7. e4 0-0 8. Re1 b6 9. exd5 Nxd5 10. Nc4 Bb7 11. Nfe5 Nxe5 12. Nxe5 Qc7 13. Qe2 Rad8 14. Bd2 f6 15. Nc4 e5 16. a4 Ne7 17. Bc3 Rfe8 18. Bxb7 Qxb7 19. f4 Nc6 20. fxe5 fxe5 21. Qg2 Qc7 22. Re4 a6 23. b3 b5 24. axb5 axb5 25. Nd2 Bh6 26. Rae1 Nd4 27. Nf3 b4 28. Nxd4 cxd4 29. Bxd4 Rxd4 30. Rxd4 Qa7 31. Qd5+ Kh8 32. Kg2 Rf8 33. Rde4 Qf2+ 34. Kh1 Qf3+ 35. Kg1 Be3+ 36. R4xe3 Qxd5 37. Rxe5 Qd4+ 38. Kh1 Rf2 0-1

[Event "GRE-chT 42nd"]
[Site "Porto Rio"]
[Date "2014.06.28"]
[Round "1.2"]
[White "Feher, Adam"]
[Black "Ntoutsoulis, Panagiotis"]
[Result "1-0"]
[WhiteElo "2398"]
[BlackElo "2119"]
[PlyCount "45"]
[EventDate "2014.06.28"]
[EventType "team-swiss"]
[EventRounds "7"]
[EventCountry "GRE"]
[SourceTitle "CBM 161 Extra"]
[Source "ChessBase"]
[SourceDate "2014.08.29"]
[SourceVersion "1"]
[SourceVersionDate "2014.08.29"]
[SourceQuality "1"]
[WhiteTeam "Patron CN"]
[BlackTeam "Pan GA"]
[WhiteTeamCountry "GRE"]
[BlackTeamCountry "GRE"]

1. e4 d5 2. exd5 Qxd5 3. Nc3 Qe5+ 4. Be2 c6 5. d4 Qc7 6. Nf3 Bf5 7. Ne5 e6 8. g4 Bg6 9. h4 Bb4 10. a3 Bxc3+ 11. bxc3 f6 12. Nxg6 hxg6 13. Bc4 Kf7 14. h5 gxh5 15. gxh5 Nd7 16. Qg4 Nf8 17. Rg1 g5 18. hxg6+ Kg7 19. Bf4 Qa5 20. Qg3 Ne7 21. Bc7 Qa4 22. Bd6 Nf5 23. Bxf8+ 1-0

[Event "HUN-chT 1314"]
[Site "Hungary"]
[Date "2014.04.13"]
[Round "8"]
[White "Feher, Adam"]
[Black "Gyorkos, Lajos"]
[Result "1-0"]
[WhiteElo "2372"]
[BlackElo "2362"]
[PlyCount "47"]
[EventDate "2013.09.08"]
[EventType "team-tourn"]
[EventRounds "9"]
[EventCountry "HUN"]
[SourceTitle "EXT 2015"]
[Source "ChessBase"]
[SourceDate "2014.11.20"]
[SourceVersion "1"]
[SourceVersionDate "2014.11.20"]
[SourceQuality "1"]
[WhiteTeam "Budapest Titanok"]
[BlackTeam "Paks"]
[WhiteTeamCountry "HUN"]
[BlackTeamCountry "HUN"]

1. e4 c5 2. Nf3 e6 3. d4 cxd4 4. Nxd4 a6 5. Nc3 Nc6 6. Nxc6 bxc6 7. Bd3 d5 8. 0-0 Nf6 9. Bg5 Be7 10. Qe2 Nxe4 11. Bxe7 Nxc3 12. Qe5 Kxe7 13. Qxc3 f6 14. Qxc6 Bd7 15. Qc5+ Kf7 16. Rfe1 Rb8 17. Qa7 Qe7 18. c4 Rxb2 19. cxd5 Bc8 20. dxe6+ Bxe6 21. Qxa6 Re8 22. Rxe6 Qc5 23. Re2 Rbxe2 24. Bxe2 1-0

[Event "AUT-chT2M 1314"]
[Site "Austria"]
[Date "2014.04.05"]
[Round "10.3"]
[White "Feher, Adam"]
[Black "Schwabeneder, Florian"]
[Result "0-1"]
[WhiteElo "2390"]
[BlackElo "2327"]
[PlyCount "106"]
[EventDate "2013.10.04"]
[EventType "team-tourn"]
[EventRounds "11"]
[EventCountry "AUT"]
[SourceTitle "EXT 2015"]
[Source "ChessBase"]
[SourceDate "2014.11.20"]
[SourceVersion "1"]
[SourceVersionDate "2014.11.20"]
[SourceQuality "1"]
[WhiteTeam "Fuerstenfeld"]
[BlackTeam "Grieskirchen/Sedda"]
[WhiteTeamCountry "AUT"]
[BlackTeamCountry "AUT"]

1. e4 e6 2. d4 d5 3. Nd2 a6 4. Ngf3 c5 5. dxc5 Bxc5 6. Bd3 Nf6 7. Qe2 Nc6 8. 0-0 0-0 9. e5 Nd7 10. c4 Be7 11. cxd5 exd5 12. Nb3 Re8 13. Bf4 Bf6 14. Bxh7+ Kxh7 15. Qd3+ Kg8 16. exf6 Nxf6 17. Bg5 Qd6 18. Rfe1 Bg4 19. Bxf6 Qxf6 20. Nfd4 Ne5 21. Qg3 Bh5 22. h3 Bg6 23. Rad1 Nd3 24. Rxe8+ Rxe8 25. Rd2 Nf4 26. Kh2 Be4 27. f3 Bb1 28. Nc1 Nh5 29. Qc7 Re7 30. Qb8+ Kh7 31. Nce2 Bxa2 32. Ng3 Nf4 33. Ndf5 Re5 34. Rd4 Ng6 35. Nh4 Ne7 36. f4 Re1 37. Nf3 Nc6 38. Qc7 Nxd4 39. Nxe1 Ne6 40. Qa5 Bc4 41. f5 Nd4 42. Qc3 Qe5 43. Nc2 Nc6 44. Qf3 d4 45. Kh1 Bd5 46. Qg4 d3 47. f6 g6 48. Qh4+ Kg8 49. Qh6 Qxf6 50. Ne3 d2 51. Kh2 Qe5 52. Ng4 d1Q 53. Nxe5 Qc2 0-1

[Event "HUN-chT 1314"]
[Site "Hungary"]
[Date "2014.03.02"]
[Round "6"]
[White "Feher, Adam"]
[Black "Aczel, Gergely"]
[Result "1/2-1/2"]
[WhiteElo "2372"]
[BlackElo "2449"]
[PlyCount "107"]
[EventDate "2013.09.08"]
[EventType "team-tourn"]
[EventRounds "9"]
[EventCountry "HUN"]
[SourceTitle "EXT 2015"]
[Source "ChessBase"]
[SourceDate "2014.11.20"]
[SourceVersion "1"]
[SourceVersionDate "2014.11.20"]
[SourceQuality "1"]
[WhiteTeam "Budapest Titanok"]
[BlackTeam "MLTC"]
[WhiteTeamCountry "HUN"]
[BlackTeamCountry "HUN"]

1. e4 c5 2. Nf3 d6 3. d4 cxd4 4. Nxd4 Nf6 5. Nc3 a6 6. g3 e5 7. Nb3 Be7 8. Bg2 b5 9. a4 b4 10. Nd5 Nxd5 11. Qxd5 Ra7 12. Be3 Be6 13. Qd3 Ra8 14. 0-0 0-0 15. a5 Nd7 16. Rfc1 Nc5 17. Nxc5 dxc5 18. Qe2 Qc7 19. Rd1 Qc6 20. Qh5 f6 21. Bh3 Bf7 22. Qe2 Rfd8 23. Qg4 Rab8 24. Qf5 Ra8 25. Qg4 Kf8 26. Qh4 h5 27. Bg2 Rxd1+ 28. Rxd1 Rd8 29. Rxd8+ Bxd8 30. f4 Qd6 31. Bf3 Bxa5 32. Bxh5 exf4 33. gxf4 Bb6 34. Kg2 Qe6 35. Bf3 Kg8 36. Qf2 Qd6 37. b3 a5 38. Be2 Qe6 39. Bf3 Qd6 40. Be2 Qe7 41. Bd3 Qd7 42. Bxc5 Bc7 43. Qf3 Qc6 44. Bf2 Qc3 45. Qg4 Bd6 46. Qf3 g6 47. Qe3 Qc7 48. Bg3 Qc6 49. Kf1 Bc5 50. Qe2 Bb6 51. Bf2 Bc7 52. Bg3 Bb6 53. Bf2 Bc7 54. Bg3 1/2-1/2

[Event "HUN-chT 1314"]
[Site "Hungary"]
[Date "2014.02.16"]
[Round "5"]
[White "Balla, Tamas Kristof"]
[Black "Feher, Adam"]
[Result "1/2-1/2"]
[WhiteElo "2350"]
[BlackElo "2372"]
[PlyCount "57"]
[EventDate "2013.09.08"]
[EventType "team-tourn"]
[EventRounds "9"]
[EventCountry "HUN"]
[SourceTitle "EXT 2015"]
[Source "ChessBase"]
[SourceDate "2014.11.20"]
[SourceVersion "1"]
[SourceVersionDate "2014.11.20"]
[SourceQuality "1"]
[WhiteTeam "Mako"]
[BlackTeam "Budapest Titanok"]
[WhiteTeamCountry "HUN"]
[BlackTeamCountry "HUN"]

1. d4 Nf6 2. c4 e6 3. g3 d5 4. Nf3 Be7 5. Bg2 c6 6. Qc2 0-0 7. 0-0 b6 8. Rd1 Ba6 9. b3 Nbd7 10. a4 Rc8 11. a5 c5 12. axb6 Qxb6 13. Qa2 Bb7 14. Qxa7 Ra8 15. Qxb6 Nxb6 16. Rxa8 Rxa8 17. Ba3 dxc4 18. Bxc5 Bxc5 19. dxc5 Nbd7 20. Ne5 Bxg2 21. Nxd7 Nxd7 22. Kxg2 Nxc5 23. bxc4 Kf8 24. Nc3 Ke7 25. f3 Rc8 26. Nb5 Nb3 27. Nd4 Na5 28. Ra1 Nxc4 29. Ra7+ 1/2-1/2

[Event "HUN-chT 1314"]
[Site "Hungary"]
[Date "2013.10.20"]
[Round "3"]
[White "Feher, Adam"]
[Black "Lorand, Norbert"]
[Result "1/2-1/2"]
[WhiteElo "2372"]
[BlackElo "2328"]
[PlyCount "45"]
[EventDate "2013.09.08"]
[EventType "team-tourn"]
[EventRounds "9"]
[EventCountry "HUN"]
[SourceTitle "EXT 2015"]
[Source "ChessBase"]
[SourceDate "2014.11.20"]
[SourceVersion "1"]
[SourceVersionDate "2014.11.20"]
[SourceQuality "1"]
[WhiteTeam "Budapest Titanok"]
[BlackTeam "Dunaharaszti"]
[WhiteTeamCountry "HUN"]
[BlackTeamCountry "HUN"]

1. e4 c5 2. Nf3 Nf6 3. Nc3 d5 4. exd5 Nxd5 5. Bb5+ Bd7 6. Qe2 Nb4 7. d4 Bxb5 8. Nxb5 a6 9. Na3 cxd4 10. 0-0 N8c6 11. Rd1 e6 12. Bg5 Be7 13. Bxe7 Qxe7 14. Nxd4 Nxd4 15. Rxd4 Nc6 16. Rd2 0-0 17. c3 Rfd8 18. Rad1 Rxd2 19. Rxd2 Rd8 20. Nc4 Kf8 21. h3 Rxd2 22. Qxd2 Qd8 23. Qxd8+ 1/2-1/2

[Event "HUN-chT 1314"]
[Site "Hungary"]
[Date "2013.09.08"]
[Round "1"]
[White "Tesik, Csaba"]
[Black "Feher, Adam"]
[Result "1/2-1/2"]
[WhiteElo "2372"]
[BlackElo "2372"]
[PlyCount "83"]
[EventDate "2013.09.08"]
[EventType "team-tourn"]
[EventRounds "9"]
[EventCountry "HUN"]
[SourceTitle "EXT 2015"]
[Source "ChessBase"]
[SourceDate "2014.11.20"]
[SourceVersion "1"]
[SourceVersionDate "2014.11.20"]
[SourceQuality "1"]
[WhiteTeam "Csuti"]
[BlackTeam "Budapest Titanok"]
[WhiteTeamCountry "HUN"]
[BlackTeamCountry "HUN"]

1. e4 e5 2. Nf3 Nc6 3. Bb5 a6 4. Ba4 Nf6 5. 0-0 b5 6. Bb3 Bc5 7. c3 d6 8. d4 Bb6 9. Be3 0-0 10. Nbd2 Bg4 11. h3 Bh5 12. Bg5 Rb8 13. g4 Bg6 14. d5 Na5 15. Bc2 h6 16. Bh4 c5 17. b3 Qe7 18. Re1 Bd8 19. Nf1 Qd7 20. Ng3 Nh7 21. Qd2 Nb7 22. Bxd8 Nxd8 23. Nh4 Re8 24. Nhf5 f6 25. Nh5 Bxf5 26. gxf5 Kh8 27. Kh2 Re7 28. Rg1 Qe8 29. Bd1 a5 30. Be2 c4 31. Rg6 cxb3 32. axb3 a4 33. b4 Rbb7 34. h4 Ra7 35. Rc1 a3 36. Ra1 Ra8 37. Rag1 Raa7 38. Bxb5 Qxb5 39. Qxh6 Qe2 40. Rxg7 Qxf2+ 41. Kh3 Rxg7 42. Rxg7 1/2-1/2